Aux sources du marketing viral (notice n° 1646789)

détails MARC
000 -LEADER
fixed length control field 01982cam a2200169 4500500
005 - DATE AND TIME OF LATEST TRANSACTION
control field 20260208003031.0
041 ## - LANGUAGE CODE
Language code of text/sound track or separate title fre
042 ## - AUTHENTICATION CODE
Authentication code dc
100 10 - MAIN ENTRY--PERSONAL NAME
Personal name Mellet, Kevin
Relator term author
245 00 - TITLE STATEMENT
Title Aux sources du marketing viral
260 ## - PUBLICATION, DISTRIBUTION, ETC.
Date of publication, distribution, etc. 2009.<br/>
500 ## - GENERAL NOTE
General note 19
520 ## - SUMMARY, ETC.
Summary, etc. RésuméCet article propose une revue de la littérature, consistant en une présentation de travaux issus de trois disciplines qui sont aux sources de l’approche contemporaine du marketing viral : la sociologie des relations interpersonnelles ; le marketing du bouche-à-oreille qui intègre et adapte les principaux résultats de l’approche précédente aux sciences du marketing ; l’analyse mathématique et statistique des graphes de réseaux. Dans la mesure où le marketing viral est communément défini comme une extension du marketing du bouche-à-oreille aux technologies numériques et à l’Internet, l’objectif principal de cet article est de présenter avec un peu plus de détail que de coutume des travaux qui sont aujourd’hui parfois l’objet de réductions, d’oubli ou de retraductions hasardeuses.
520 ## - SUMMARY, ETC.
Summary, etc. This article proposes a review of the literature, consisting of a presentation of research from three disciplines at the source of the contemporary approach to viral marketing: the sociology of interpersonal relations; word-of-mouth marketing which integrates and adapts the main results of the preceding approach to marketing science; and the mathematical and statistical analysis of networks. In so far as viral marketing is commonly defined as an extension of word-of-mouth marketing to digital technologies and Internet, the main aim of this article is to present in more detail than usual the studies that today are sometimes over-simplified, overlooked or poorly retranslated.
786 0# - DATA SOURCE ENTRY
Note Réseaux | 157-158 | 5 | 2009-12-16 | p. 267-292 | 0751-7971
856 41 - ELECTRONIC LOCATION AND ACCESS
Uniform Resource Identifier <a href="https://shs.cairn.info/revue-reseaux-2009-5-page-267?lang=fr&redirect-ssocas=7080">https://shs.cairn.info/revue-reseaux-2009-5-page-267?lang=fr&redirect-ssocas=7080</a>

Pas d'exemplaire disponible.

PLUDOC

PLUDOC est la plateforme unique et centralisée de gestion des bibliothèques physiques et numériques de Guinée administré par le CEDUST. Elle est la plus grande base de données de ressources documentaires pour les Étudiants, Enseignants chercheurs et Chercheurs de Guinée.

Adresse

627 919 101/664 919 101

25 boulevard du commerce
Kaloum, Conakry, Guinée

Réseaux sociaux

Powered by Netsen Group @ 2025